Responses for Show #3302 - Tuesday, January 5, 1999

Contestants

[<< previous game]

April Hahn, an administrative assistant from San Francisco, California

Michael Cryer, a software engineer from Biloxi, Mississippi

Peggy Sheehan, a teacher from Arlington, Massachusetts (whose 1-day cash winnings total $16,799)

[next game >>]

Jeopardy! Round responses

U.S. CITIES
SINGING THE "BLUE"S
COMING UP IN '99
FAUX FRENCH
CANDY BARS
BEASTS
    $100 6
St. Paul

Peggy
    $100 1
Blue eyes

Peggy
    $100 16
Super Bowl XXXIII

Michael
    $100 7
Resume

Michael
    $100 19
3 Musketeers

April
    $100 26
(April: What are horns?)

Antlers

April
    $200 8
New Orleans

Michael
    $200 2
Blue Hawaii

April
    $200 17
Presidents' Day

Michael
    $200 12
Brassiere

Peggy
    $200 20
Hershey's

April
    $200 27
Bats

Peggy
    $300 9
Toledo, Ohio

April
    $300 3
Blue Jean

April
    $300 18
Miss America

Peggy
    $300 13
Toupee

Michael
    $300 21
Almond Joy

Michael
    $500 28
[Arctic mammal with large nose]
(Peggy: What is a manatee?)

an elephant seal

Peggy
    $400 10
Whittier

Triple Stumper
    $400 4
"Blue Bayou"

Michael
    $400 22
(Peggy: What is May?)

April

PeggyMichael
    $400 14
Nom de plume

Peggy
    $400 24
Crunch

Peggy
    $400 29
Snapping turtle

April
    $500 11
Stephen Decatur

Triple Stumper
    $500 5
"My Blue Heaven"

April
    $500 23
August

April
    $500 15
Double entendre

Michael
    $500 25
Butterfinger

Peggy
    $500 30
a shrew

Michael

Scores at the first commercial break (after clue 15):

Peggy Michael April
$800 $1,500 $1,300

Scores at the end of the Jeopardy! Round:

Peggy Michael April
$1,300 $3,000 $2,600

Double Jeopardy! Round responses

ROAMIN' WITH THE ROMANS
ALL THAT GLITTERS....
THEATRE
TURN OF THE CENTURY FILMS
NAME THAT ROYAL
CATCHPHRASES
    $200 16
Julius Caesar

April
    $200 11
Crystal Gayle

Peggy
    $200 21
Romeo And Juliet

Peggy
    $200 26
Aladdin

Michael
    $200 2
Prince Edward

April
    $200 1
"Elvis has left the building!"

April
    $400 17
The Appian Way

April
    $400 12
Ruby Dee

April
    $1,000 22
Cabaret

Peggy
    $400 27
Casey At The Bat

April
    $400 3
Nicholas II

Michael
    $400 7
Leonard "Bones" McCoy

Peggy
    $600 18
Bath

Michael
    $600 13
(Michael: Who was Hepburn?)
...
(Alex: All that glitters...we're looking for gems here in their names.)

Pearl Bailey

Michael
Triple Stumper
    $600 23
Anton Chekhov

Peggy
    $600 28
William McKinley

Peggy
    $600 4
Marie Antoinette

April
    $600 8
"Tall, dark and handsome"

April
    $800 19
(Peggy: [no response])

Alexandria (Egypt)

PeggyMichael
    $800 14
Neil Diamond

April
    $800 24
Driving Miss Daisy

Peggy
    $1,000 29
(Peggy: I don't know.)

The Dreyfus Affair

Peggy
    $800 5
King Kamehameha of Hawaii

April
    $800 9
Chopped liver

Peggy
    $1000 20
Hannibal

Michael
    $1000 15
"Rock And Roll Part 2"

Michael
    $1000 25
Oh! Calcutta!

Peggy
    $1000 30
Joan of Arc

Triple Stumper
    $1000 6
(Sultan of) Brunei

Michael
    $1000 10
"Sometimes a cigar is just a cigar"

Peggy

Scores at the end of the Double Jeopardy! Round:

Peggy Michael April
$6,100 $7,400 $7,200

[wagering suggestions for these scores]

Final Jeopardy! Round responses

THE 1970s
(Alex: Remember them?)
(Alex: He had just broken Babe Ruth's home run record - Henry Louis Aaron)
PeggyWho is Billy Carter
$6,099
AprilWho is Hank Aaron?
$7,000
MichaelWho is Maddux
$7,001
Hank Aaron

Final scores:

Peggy Michael April
$1 $399 $14,200
3rd place: Festina His & Hers Titanium Chrono Watches 2nd place: Samsung 28-inch Stereo TV & Broyhill Directions Entertainment Armoire New champion: $14,200

Game dynamics:

Coryat scores:

Peggy Michael April
$7,000 $7,400 $7,200
18 R
(including 1 DD),
4 W
(including 2 DDs)
17 R,
1 W
19 R,
0 W

Combined Coryat: $21,600

[game clues] [game scores] [suggest correction]

Game tape date: 1998-11-10
The J! Archive is created by fans, for fans. Scraping, republication, monetization, and malicious use prohibited; this site may use cookies and collect identifying information. See terms. The Jeopardy! game show and all elements thereof, including but not limited to copyright and trademark thereto, are the property of Jeopardy Productions, Inc. and are protected under law. This website is not affiliated with, sponsored by, or operated by Jeopardy Productions, Inc. Join the discussion at JBoard.tv.